| 000 | 00402nam a2200157Ia 4500 | ||
|---|---|---|---|
| 008 | 200103s9999||||xx |||||||||||||| ||und|| | ||
| 020 | _a9780070991828 | ||
| 040 | _aIMU-MPC | ||
| 082 | _aColumn-17 | ||
| 100 | _aThomas, Rebecca and Yates, Jean | ||
| 245 | 2 | _aA user guide to the UNIX system | |
| 250 | _a2nd ed. | ||
| 260 |
_bMcGraw-Hill Book Company, Inc. _c1985 |
||
| 300 | _aix, 716 | ||
| 942 | _cBK | ||
| 999 |
_c6130 _d6130 |
||